[Event "45th Olympiad Budapest 2024"]
[Site "Budapest"]
[Date "2024.09.20"]
[Round "9.4"]
[White "Delgado Romero, Marco"]
[Black "Munoz Sanchez, Miguel"]
[Result "1-0"]
[WhiteElo "2390"]
[BlackElo "2181"]
[PlyCount "81"]
[EventDate "2024.09.11"]
[EventType "team"]
[EventRounds "11"]
[EventCountry "HUN"]
[WhiteTeam "Peru"]
[BlackTeam "Ecuador"]
[WhiteTeamCountry "PER"]
[BlackTeamCountry "ECU"]

1. d4 {L'Ami,Erwin} Nf6 2. c4 g6 3. Nc3 d5 4. cxd5 Nxd5 5. e4 Nxc3 6. bxc3 Bg7 7. Bc4 c5 8. Ne2 O-O 9. O-O Nc6 10. Be3 b6 11. Qd2 ({RR} 11. dxc5 Qc7) 11... Na5 12. Bd3 Qc7 ({RR} 12... e5 13. Bh6 cxd4 14. Bxg7 Kxg7 15. cxd4 exd4 16. Rac1 ({RR} 16. f4 f6 17. e5 Bd7 18. Nxd4 Nc6) 16... Qd6 ({RR} 16... Bb7) 17. f4 f6 18. f5 Qe5 19. Nf4 g5 20. Nh5+ Kg8 ({RR} 20... Kh8 21. h4 Rg8 22. Nxf6 ({RR} 22. Qe1) 22... Qxf6 23. e5 Qxe5 24. f6 Be6 ({RR} 24... Qe3+ 25. Qxe3 dxe3 26. Rc7) 25. f7 Rgf8 26. Rce1 Qd5 ({RR} 26... Qd6 27. Rf6) 27. Be4 Nc4 28. Qf2 Rxf7 ({RR} 28... Qd8 29. Bd5) 29. Bxd5 Rxf2 30. Bxa8 Rxf1+ 31. Rxf1 ({RR} 31. Kxf1 Ne3+ 32. Kf2 gxh4 33. Re2 Kg7 34. Rd2 Nf5) 31... d3 32. Rf8+ Kg7 33. Rd8) 21. h4 h6 22. hxg5 hxg5 23. Rf3 Kf7 ({RR} 23... Bd7 24. Rg3 Rac8 25. Nxf6+ Qxf6 26. Re1 Rc3 27. Rxg5+ Kf7 28. e5 Rxd3 29. Qf4) 24. Nxf6 Kxf6 ({RR} 24... Qxf6 25. Rh3 Bd7 ({RR} 25... Ke8 26. e5) ({RR} 25... Kg8 26. Rh5) ({RR} 25... Bb7 26. e5 Qxe5 27. Rh7+ Kf6 28. Re1) 26. Rh7+ Ke8 27. e5) 25. Rh3 Rg8 ({RR} 25... Qf4 26. e5+ Kxe5 27. Qe2+ Kd5 28. Rf1) 26. Rh6+ Kf7 27. Rh7+ {Topalov,V (2805)-Anand,V (2787) Sofia 2010 CBM 136 [L'Ami,Erwin] 1-0}) 13. Bh6 ({RR} 13. Bf4 e5 14. Bg3 Qe7 15. dxe5 Rd8 16. Qe3 Bxe5 17. f4 Bd6 18. e5 c4 19. Be4 Bc5 20. Nd4 Bb7 21. f5 Bd5 22. e6 Nc6 23. fxg6 fxg6 24. Bxd5 Rxd5 25. Rf7 Qg5 26. Qxg5 Rxg5 27. Rd7 Re8 {Voege,T (2277)-Bennemann,I (1997) Muenster GER 2023 1-0 (31)}) 13... Rd8 $146 ({RR} 13... e5 14. Bxg7 Kxg7 15. dxe5 Qxe5 16. f4 Qd6 17. Qe3 Bb7 18. f5 f6 19. fxg6 hxg6 20. Nf4 c4 21. Bc2 Rae8 22. Nxg6 Kxg6 23. e5+ Kf7 24. Bg6+ Kg7 25. Bxe8 Qxe5 26. Qxe5 fxe5 27. Rxf8 Kxf8 28. Bh5 {Molina,R (2434)-Swicarz,M (2325) Chess.com INT 2020 1-0 (51)}) 14. Bxg7 Kxg7 15. Rac1 Bb7 16. Qe3 Rac8 17. h4 Qd7 18. h5 cxd4 19. cxd4 Rxc1 20. Qxc1 Rc8 21. Qg5 Nc6 22. Rd1 Nb4 23. Bb5 Bc6 24. Bxc6 Nxc6 25. Qd2 Na5 26. d5 Qa4 27. Nd4 Nc4 28. h6+ Kg8 29. Rc1 Rc5 30. Qf4 Nd6 31. e5 Nf5 32. e6 Rxc1+ 33. Qxc1 Nxh6 34. d6 Qxd4 35. dxe7 Qa4 36. Qc8+ Kg7 37. Qf8+ Kf6 38. e8=N+ Kf5 39. Ng7+ Kg5 40. Qd8+ f6 41. Qd2+ 1-0

[Event "45th Olympiad Budapest 2024"]
[Site "Budapest"]
[Date "2024.09.20"]
[Round "9.1"]
[White "Wiedenkeller, Michael"]
[Black "Nielsen, Hogni Egilstoft"]
[Result "1/2-1/2"]
[WhiteElo "2406"]
[BlackElo "2379"]
[PlyCount "60"]
[EventDate "2024.09.11"]
[EventType "team"]
[EventRounds "11"]
[EventCountry "HUN"]
[WhiteTeam "Luxembourg"]
[BlackTeam "Faroe Islands"]
[WhiteTeamCountry "LUX"]
[BlackTeamCountry "FAI"]

1. d4 {Stohl,Igor Marin,Mihail} Nf6 2. c4 e6 3. g3 c5 4. d5 exd5 5. cxd5 d6 6. Nc3 g6 7. Bf4 Bg7 8. Nf3 O-O 9. Bg2 Re8 10. O-O a6 ({RR} 10... Ne4 11. Nxe4 Rxe4 12. Nd2 Rb4 {RR} 13. a3 Rxf4 14. gxf4 Bxb2 15. Ra2 Bg7 16. a4 Na6 ({RR} 16... Qh4 17. e3 Na6 18. Nc4 Nb4 19. Ra3 Qf6 20. Qd2 Bh6 21. Rb1) 17. Nc4 Nb4 18. Ra3 b6 19. Qc1 Bh6 20. Re1 Qf6 21. e3 Ba6 22. Rd1 Rb8 23. Nd2 Bd3 24. Rxd3 Nxd3 25. Ne4 Nxc1 26. Nxf6+ Kg7 27. Ne4 Ne2+) ({RR} 10... Nh5 11. Bg5 Qd7 ({RR} 11... Qb6 12. Qc1 Na6 ({RR} 12... Bd7 13. Bh6 Qd8 14. Bxg7 Kxg7 15. Nd2 b5 16. Nce4 Bf5 17. b4 cxb4 18. Qb2+ Nf6 19. Qxb4 Bxe4 20. Nxe4 Nxe4 21. Bxe4 a5 22. Qb2+ Qf6 23. Qxb5 Nd7 24. Bg2 Nc5 25. Rab1) 13. Bh6 Bh8 14. Nd2 Nc7 15. Bf3 Nf6 16. Nc4 Qa6 17. Qf4 Bh3 18. Rfd1 Rad8 19. a4 Bf5 20. g4 Bc2 21. Nb5 Nxb5 22. axb5 Qxb5 23. Rd2 Be4 24. Nxd6) 12. Qb3 ({RR} 12. a4 Na6 13. Re1 b6 14. e4 Nb4 15. Bf1 Ba6 16. Bxa6 Nxa6 17. Nd2 h6 18. Be3 Nc7 19. Nc4 Bxc3 20. bxc3 Rxe4 21. Nd2 Re7 22. Bxh6 Rxe1+ 23. Qxe1 Re8 24. Qd1 Nxd5 25. Qf3 Ndf6 26. c4 Ng4) 12... h6 13. Bc1 Na6 14. Re1 Rb8 15. Nb5 b6 16. Bd2 Nf6 17. Bf4 Re4 18. a4 Rb4 19. Qc2 Nxd5 20. Bxd6 Rxb5 21. axb5 Nab4 22. Qd2 Qxd6 23. e4 Be6 24. exd5 Qxd5 25. Qf4) ({RR} 10... Qb6 11. Rc1 Nh5 12. Bd2 Bg4 13. h3 Bxf3 14. Bxf3 Nf6 15. g4 h6 16. Rb1 Nbd7 17. Bg2 a6 18. b4 cxb4 19. Na4 Qc7 20. Bxb4 b5 21. Nc3 Qb6 22. e3 a5 23. Ba3 b4) 11. a4 Ne4 12. Nxe4 Rxe4 13. Nd2 Rb4 ({RR} 13... Rxf4 14. gxf4 Bxb2 15. Rb1 Bg7 16. Nc4 b5 17. axb5 axb5 18. Rxb5 Ba6 19. Ra5 ({RR} 19. Qa4 Bxb5 20. Qxa8 Bc3 21. Rc1 Bb4 22. e4 Qc7 23. e5 Bxc4 24. Rxc4 Kg7 25. e6) 19... Nd7 20. Qa4 Nb6 21. Nxb6 Qxb6 22. Qa2 Bc3 23. Ra4 Kg7 24. Rb1 Qa7 25. e3 c4 26. Bf1 Bf6 27. Qa3) 14. Ra2 ({RR} 14. b3 Rxf4 ({RR} 14... Nd7 15. Ra2 ({RR} 15. Bxd6) 15... Ne5 16. Bxe5 Bxe5 17. Nc4 Qe7 18. a5 Bd7 19. Qc2 Bb5) 15. gxf4 Bxa1 16. Qxa1 Nd7 17. Ne4 ({RR} 17. Nc4 Nf6 18. a5 Qe7 19. e4 Nh5) 17... Qe7 18. Rc1 b6 ({RR} 18... f5 19. Ng5 Nf6 20. Rc3) 19. Rc3 Nf6 20. Re3 Nxe4 21. Bxe4 Qd8 22. Rg3 Qh4 ({RR} 22... f5 23. Bd3 Ra7) 23. e3 Qe7 24. Bd3 Bb7 25. e4 Re8 26. f5 Qh4 ({RR} 26... Qe5) 27. h3 Bc8 28. Qc3 Qf4 {Aronian,L (2759)-Carlsen,M (2693) Elista 2007 CBM 119 [Marin,Mihail] 1-0 (66)}) ({RR} 14. Ne4 h6 15. Ra2 ({RR} 15. Nxd6 Rxf4 16. Nxc8 Rd4) ({RR} 15. Bxd6 Rxe4 16. Bxb8 Rd4) ({RR} 15. Bd2 Rxb2 16. Qc1 Rxd2 17. Qxd2 f5 18. Nc3 Nd7) 15... f5 16. Nc3 Qf6 17. Qc1 ({RR} 17. e4 Nd7 18. exf5 gxf5 19. Bd2 Qf7 20. b3 Nf6 21. Ne2 Re4 22. Bc3 ({RR} 22. Bxe4 fxe4) 22... Re7 23. Nf4 Bd7 24. Re1 Rae8 25. Rxe7 Rxe7 26. Re2 Rxe2 27. Qxe2 Nh5 28. Bd2 Nxf4 29. Bxf4 Qf6 30. a5) 17... g5 18. Bd2 Bd7 ({RR} 18... b5 19. Nxb5) ({RR} 18... Nd7 19. Nd1) 19. Qc2 a5 20. Nd1 ({RR} 20. Nb5 Bxb5 21. Bxb4 axb4) 20... Na6 21. Bc3 Qf7 22. Ra1 f4 23. Be4 ({RR} 23. Bxb4 cxb4 24. Rc1 Nc5 25. b3 Bf5 26. Qa2 Re8 27. Re1 Nd3) 23... Rf8 24. Bg6 Qe7 25. Re1 Be5) ({RR} 14. Ne4 h6 15. Ra2 Bh3 16. Bxh3 Rxe4 17. a5 Qc7 18. Qc2 Re7 19. Rc1 b5 20. axb6 Qxb6 21. Qc4 Nd7 22. Bxd7 Rxd7 23. Rca1 a5 24. Bd2 Rda7 25. Bc3 h5 26. Ra4 Qd8 27. h4 Bf6 28. R1a3 Kg7) 14... Qe7 ({RR} 14... g5 15. Be3 f5 ({RR} 15... Rxb2 16. Rxb2 Bxb2 17. Nc4 Bg7 18. Qb3 b5 19. axb5 axb5 20. Qxb5) ({RR} 15... Bf5 16. Qc1 Nd7 17. Nc4 Qf6 18. Bd2 Rc8 19. Nxd6) 16. Nf3 h6 ({RR} 16... f4 17. Bd2 a5 18. Qc2 Bg4 19. Bxb4 axb4 20. gxf4 gxf4 21. Qe4 Qf6 22. Qe8+ Qf8 23. Qb5 Qe7 24. b3) 17. Qc1 ({RR} 17. b3 Qb6 18. Bd2 Rxb3 19. Ba5 Qxa5 20. Qxb3 Nd7 21. h4 g4 22. Nd2 Ne5 23. Rb1 Rb8 24. Qb6 Qxb6 25. Rxb6 Bf8 26. Rab2 Nd7 27. R6b3 Be7) 17... Qf6 18. h4 g4 ({RR} 18... gxh4 19. Nxh4 b5 20. axb5 Rxb5 21. Bh3 a5 22. Bd2 Na6 23. Bc3 Qg5 24. Rxa5 Rxa5 25. Bxa5 Qxc1 26. Rxc1 Bxb2 27. Rb1 Rb8 28. Bxf5 Bxf5 29. Nxf5) 19. Nd2 Nd7 20. Nc4 b5 21. axb5 Rxb5 22. Bf4 Ne5 23. Bxe5 dxe5 24. e4 f4 25. Rd1 Rb4 26. Ra5 Bd7 27. Rxc5 Rf8) ({RR} 14... Bxb2 15. Qc2 Bg7 16. Nc4 Qf6 17. Nxd6 Rxf4 18. Nxc8 Nd7 19. Ne7+ Qxe7 20. gxf4 Rc8 21. Qc4 Nb6 22. Qb3 Qd6 23. a5 Nd7 24. Qxb7) 15. Qc1 $146 ({RR} 15. b3 Nd7 ({RR} 15... Be5 16. Bxe5 Qxe5 17. Nc4 Qe7 18. e4 Nd7 19. f4 Nb6 20. Nxb6 Rxb6 21. Re1 f6 22. Bf1 Bd7 23. Bc4 Kh8 24. a5 Rb4 25. e5 Bb5 26. exd6 Qxd6 27. Re6) 16. Nc4 Ne5 17. Nxe5 dxe5 18. Be3 e4 19. d6 Qe6 20. Bxc5 Rxb3 21. Rd2 Rc3 22. Bd4 Bd7 23. Bxc3 Bxc3 24. Rd4 Bxd4 25. Qxd4 Rc8 26. Qxe4 Qxd6 27. Qxb7 {½-½ (27) Kobo,O (2412)-Dvoirys,S (2566) Jerusalem 2015}) ({RR} 15. b3 Nd7 16. Nc4 Ne5 17. Nxe5 Bxe5 18. Bd2 Rb6 19. Ba5 Rb4 20. Bxb4 cxb4 21. Rc2 Bd7 22. Rc7 Qd8 23. Qc2 Bc3 24. Rxc3 bxc3 25. Qxc3 b5 26. axb5 Bxb5 27. Bf3 Rc8 28. Qd4 Qe7 29. Re1 Qc7 {Spizharny,M (2295)-Krukouski,S (1766) Minsk BLR 2024 ½-½ (43)}) ({RR} 15. b3 g5 16. Be3 Bd4 ({RR} 16... b5 17. axb5 Bb7 18. b6 Bd4 19. Bxd4 Rxd4 20. Ra4) 17. Bxd4 Rxd4 18. e3 Rb4 19. Nc4 Nd7 ({RR} 19... b5 20. Nb6) 20. f4 ({RR} 20. a5 Ne5 21. Nb6 Rb8 22. f4 Bg4) 20... Rb8 ({RR} 20... b5 21. axb5 Rxb5 22. e4) 21. Qd3 g4 ({RR} 21... b5 22. Na5) 22. Rd1 ({RR} 22. a5) ({RR} 22. e4) 22... Nf8 23. Qc3 Bd7 ({RR} 23... b5 24. axb5 ({RR} 24. Na5 Bd7 25. Nc6 Bxc6 26. dxc6 bxa4) 24... R8xb5 25. Ra3 Nd7 26. e4) 24. e4 b5 25. axb5 axb5 ({RR} 25... Bxb5 26. Ne3) 26. Ne3 Rxe4 27. Bxe4 Qxe4 28. Re1 Re8 ({RR} 28... b4 29. Qf6 Qg6 30. Qxg6+ hxg6 31. Nc4) 29. Qf6 Qg6 {Nikolic,P (2641)-Hracek,Z (2629) Batumi 1999 CBM 074 [Stohl,Igor] 1-0 (41)}) ({RR} 15. b3 g5 16. Be3 b5 17. axb5 Bb7 18. b6 Bd4 19. Bxd4 Rxd4 20. Ra4 Bxd5 21. Bxd5 Rxd5 22. e4 Rd4 23. Rxd4 cxd4 24. Qc1 Nd7 25. Qc7 Qd8 26. b7 Rb8 27. Qxd6 Rxb7 28. Qd5 Rb5 29. Qxd4 Qc7 {Ulybin,M (2562)-Mrdja,M (2425) Padova 1999 1-0 (66)}) 15... Nd7 16. Nc4 Ne5 17. Nxe5 Bxe5 18. Bd2 a5 19. Bxb4 axb4 20. Qc2 Ra5 21. Rfa1 Bd7 22. e3 Bg7 23. Bf1 Qe5 24. Bc4 Bf5 25. Qe2 Be4 26. Rd1 Qf5 27. Rd2 Bf3 28. Qf1 h5 29. Qd3 Qh3 30. Qf1 Qf5 1/2-1/2

[Event "45th Olympiad Budapest 2024"]
[Site "Budapest"]
[Date "2024.09.20"]
[Round "9.2"]
[White "Egilstoft, Rogvi"]
[Black "Berend, Elvira"]
[Result "1-0"]
[WhiteElo "2278"]
[BlackElo "2219"]
[PlyCount "139"]
[EventDate "2024.09.11"]
[EventType "team"]
[EventRounds "11"]
[EventCountry "HUN"]
[WhiteTeam "Faroe Islands"]
[BlackTeam "Luxembourg"]
[WhiteTeamCountry "FAI"]
[BlackTeamCountry "LUX"]

1. e4 c5 2. c3 Nf6 3. e5 Nd5 4. Nf3 e6 5. d4 cxd4 6. cxd4 d6 7. Bc4 Be7 8. O-O O-O 9. Qe2 b6 10. Rd1 Bb7 11. Bxd5 exd5 12. Nc3 Na6 13. Be3 ({RR} 13. Nb5 dxe5 14. dxe5 Nc7 15. Nxc7 Qxc7 16. Nd4 Rfe8 17. Bf4 Qd7 18. Qd3 g6 19. h3 Rac8 20. Bh6 Bf8 21. Bxf8 Rxf8 22. Re1 Rfe8 23. Rad1 Qa4 24. a3 Rc7 25. f4 Bc8 26. Kh2 Be6 27. Rd2 Rec8 {Matlakov,M (2674)-Caruana,F (2781) Chess.com INT 2022 1-0 (39)}) 13... Nc7 14. Qd3 ({RR} 14. Qc2 Qd7 15. a4 h6 16. h3 Rfd8 17. a5 b5 18. Qb3 a6 19. Rac1 Qf5 20. Na4 Ne6 21. Nb6 Rab8 22. Nxd5 Bf8 23. Nb4 Bxf3 24. gxf3 dxe5 25. d5 Ng5 26. Bxg5 Qxg5+ 27. Kf1 Bxb4 28. Qxb4 Rxd5 {Parshin,M (1977)-Fedorov,A (2401) St Petersburg RUS 2024 0-1 (54)}) 14... Bc8 $146 ({RR} 14... Ne6 15. h3 Qd7 16. Rac1 Rac8 17. Qb5 Bc6 18. Qb3 Qb7 19. Nb5 Qd7 20. exd6 Bxd6 21. Nxd6 Qxd6 22. Nh4 Qe7 23. Nf3 Rfd8 24. Rc3 Bb7 25. Rdc1 Rc4 26. Qa3 Qxa3 27. Rxa3 Rxc1+ 28. Bxc1 Rc8 29. Bd2 {Stefansson,V (2466)-Lie,K (2525) Kragero NOR 2023 ½-½ (37)}) 15. h3 f6 16. Rac1 Ba6 17. Qc2 Bb7 18. exf6 Bxf6 19. Qb3 Rf7 20. a4 Rb8 21. Bf4 Be7 22. Bg3 Bc8 23. Ne1 Bg5 24. Rc2 Be6 25. Nd3 a5 26. Qa3 Rd7 27. Nb5 Ne8 28. Re2 Bf7 29. Rde1 Bh5 30. Rc2 Bg6 31. Rc6 Rc8 32. Rxc8 Qxc8 33. Nf4 Bf7 34. Qb3 Nf6 35. Nc3 Bxf4 36. Bxf4 Qb7 37. Nb5 Ne8 38. Qg3 Qb8 39. Re3 Qd8 40. Re1 Qf6 41. Rc1 Qe7 42. Kh2 Qe2 43. Rc8 Qe6 44. Bxd6 h6 45. Qe5 Qg6 46. Qg3 Qe6 47. Be5 Kh7 48. Qc3 Qf5 49. Qc2 Qxc2 50. Rxc2 Bg6 51. Rc8 Rb7 52. f3 Bf7 53. Rd8 g5 54. Kg1 Kg6 55. Kf2 Ng7 56. Nd6 Ra7 57. Rb8 Ne6 58. Ke3 h5 59. g4 h4 60. Rxb6 Ra8 61. Rb7 Bg8 62. Nf5 Bf7 63. Ne7+ Kh6 64. Nxd5 Nf4 65. Nxf4 gxf4+ 66. Bxf4+ Kg6 67. Rb6+ Kg7 68. Be5+ Kh7 69. Rb7 Kg8 70. f4 1-0

[Event "45th Olympiad Budapest 2024"]
[Site "Budapest"]
[Date "2024.09.20"]
[Round "9.3"]
[White "Mertens, Marc"]
[Black "Rodgaard, John"]
[Result "1/2-1/2"]
[WhiteElo "2120"]
[BlackElo "2273"]
[PlyCount "74"]
[EventDate "2024.09.11"]
[EventType "team"]
[EventRounds "11"]
[EventCountry "HUN"]
[WhiteTeam "Luxembourg"]
[BlackTeam "Faroe Islands"]
[WhiteTeamCountry "LUX"]
[BlackTeamCountry "FAI"]

1. e4 e6 2. d4 d5 3. Nd2 c5 4. Ngf3 cxd4 5. Nxd4 Nc6 6. Bb5 Bd7 7. Nxc6 Bxc6 8. Bxc6+ bxc6 9. c4 Nf6 10. Qa4 Qd7 11. e5 Ng8 ({RR} 11... Ng4 12. Nf3 f6 13. exf6 gxf6 14. cxd5 exd5 15. O-O Bd6 16. Bf4 c5 17. Rfe1+ Be7 18. Rxe7+ Kxe7 19. Re1+ Ne5 20. Qc2 Rhe8 21. Bxe5 fxe5 22. Nxe5 Kd6 23. f4 Qg7 24. b4 c4 25. Qc3 Qc7 26. Kh1 {Anand,V (2803)-Bartel,M (2622) Berlin 2015 1-0 (46)}) 12. O-O Ne7 13. Rd1 Nc8 $146 ({RR} 13... Ng6 14. Nf3 Be7 15. Be3 O-O 16. cxd5 exd5 17. Rac1 Rfc8 18. Bc5 Bxc5 19. Rxc5 Qe7 20. Rxc6 Nxe5 21. Nxe5 Qxe5 22. Rxc8+ Rxc8 23. Qxa7 Qxb2 24. Qd7 Qc2 25. Qxd5 g6 26. g3 Qa4 27. Qb3 Qa7 28. h4 {Swiercz,D (2659)-Cremisi,D (2163) Charlotte 2019 1-0 (62)}) ({RR} 13... Ng6 14. Nf3 Be7 15. h4 h5 16. g3 O-O 17. Qc2 c5 18. cxd5 exd5 19. Bg5 Rac8 20. Bxe7 Nxe7 21. Ng5 Nf5 22. Qe2 Rfe8 23. Qxh5 Rxe5 24. Qh7+ Kf8 25. Re1 f6 26. Rxe5 fxe5 27. Re1 e4 28. f3 {Ahmadzada,A (2501)-Schekachikhin,M (2353) Senta SRB 2024 1-0 (33)}) ({RR} 13... Ng6 14. Nf3 Bc5 15. b3 O-O 16. cxd5 exd5 17. Bb2 Rac8 18. Rac1 Bb6 19. h3 Rfe8 20. Bd4 Bxd4 21. Qxd4 Qf5 22. Qd3 Qxd3 23. Rxd3 f6 24. Rdc3 fxe5 25. Rxc6 Rxc6 26. Rxc6 Rd8 27. Kf1 d4 28. Nd2 {Bailet,P (2536)-Agmanov,Z (2393) Riga 2017 0-1 (45)}) 14. Qc2 Be7 15. Nf3 Qb7 16. Be3 Nb6 17. Bxb6 axb6 18. a3 O-O 19. Rd3 dxc4 20. Qxc4 Rfd8 21. Rad1 Rd5 22. Qg4 Rad8 23. Rxd5 Rxd5 24. Rxd5 cxd5 25. Qd4 Qc6 26. Kf1 f6 27. Ke2 Kf7 28. Kd1 Qb5 29. Ke1 f5 30. h4 h6 31. h5 Qb3 32. Qd2 Bc5 33. Ke2 Qc4+ 34. Ke1 Qe4+ 35. Kf1 Qb1+ 36. Ke2 Qe4+ 37. Kf1 Qb1+ 1/2-1/2

[Event "45th Olympiad Budapest 2024"]
[Site "Budapest"]
[Date "2024.09.20"]
[Round "9.4"]
[White "Apol, Luitjen Akselsson"]
[Black "Gengler, Pierre"]
[Result "1/2-1/2"]
[WhiteElo "2219"]
[BlackElo "2097"]
[PlyCount "99"]
[EventDate "2024.09.11"]
[EventType "team"]
[EventRounds "11"]
[EventCountry "HUN"]
[WhiteTeam "Faroe Islands"]
[BlackTeam "Luxembourg"]
[WhiteTeamCountry "FAI"]
[BlackTeamCountry "LUX"]

1. d4 Nf6 2. Nf3 g6 3. c4 Bg7 4. Nc3 d6 5. Bg5 h6 6. Bh4 g5 7. Bg3 Nh5 8. e3 c5 9. d5 Nxg3 ({RR} 9... Nd7 10. Qc2 Nxg3 11. hxg3 Ne5 12. Be2 Nxf3+ 13. gxf3 Qa5 14. Kf1 Bd7 15. f4 gxf4 16. exf4 a6 17. Kg2 b5 18. a3 Rb8 19. Rab1 b4 20. axb4 Qxb4 21. Bd3 Kd8 22. Qe2 Bf6 23. Ne4 Bd4 24. Nc3 {Svidler,P (2756)-Solak,D (2641) Khanty-Mansiysk 2017 ½-½}) 10. hxg3 Bxc3+ 11. bxc3 Kd7 12. Qd3 $146 ({RR} 12. a4 a5 13. e4 Kc7 14. Nd2 Nd7 15. Be2 Nf6 16. Qc2 Qg8 17. Nf1 Qg7 18. Bd3 Ng4 19. Be2 h5 20. Bxg4 hxg4 21. Rxh8 Qxh8 22. O-O-O Bd7 23. Kb2 Qe5 24. Ne3 Rh8 25. Ka3 Bc8 26. Kb3 Rh6 {Murchadha,O (1957)-Fitzsimons,D (2301) Dublin IRL 2024 0-1 (49)}) ({RR} 12. e4 Kc7 13. e5 g4 14. exd6+ exd6 15. Nd2 Nd7 16. Qxg4 Ne5 17. Qd1 Re8 18. Be2 Nd3+ 19. Kf1 Ne5 20. Rxh6 Bf5 21. Nf3 Ng4 22. Rh4 Qf6 23. Qd2 Rh8 24. Qf4 Qxc3 25. Rc1 Qb2 26. Re1 Bd7 {Korkmaz,N (2101)-Quintin Navarro,A (2398) Chess.com INT 2021 0-1 (34)}) ({RR} 12. Nd2 Kc7 13. Qc2 Nd7 14. Be2 Qg8 15. O-O-O Nf6 16. f3 Bd7 17. Bd3 Qg7 18. Qb3 Rhb8 19. Kc2 a6 20. a4 b6 21. Rb1 Rb7 22. Qa2 Qh8 23. Rb2 Rab8 24. Rhb1 Qe8 25. a5 b5 26. cxb5 Bxb5 {Pastar,S (2299)-Draskovic,L (2470) Podgorica 2020 ½-½ (33)}) 12... Kc7 13. Nd2 g4 14. e4 Qg8 15. Be2 Nd7 16. Nf1 Ne5 17. Qc2 f5 18. exf5 Qg5 19. Ne3 Rf8 20. Bd3 Nxd3+ 21. Qxd3 h5 22. O-O Bxf5 23. Nxf5 Rxf5 24. Rae1 Re8 25. Qb1 Rff8 26. Qb5 Qf5 27. Re6 h4 28. gxh4 g3 29. f3 Qc2 30. Rfe1 Kc8 31. Rb1 b6 32. Qb2 Qh7 33. Re4 e5 34. Qb5 Rd8 35. a4 Rf4 36. Rxf4 exf4 37. a5 Qxh4 38. Qc6+ Kb8 39. axb6 Qh2+ 40. Kf1 Qh1+ 41. Ke2 Qxg2+ 42. Kd3 Qxf3+ 43. Kc2 Qe4+ 44. Kb2 Qxb1+ 45. Kxb1 axb6 46. Qxb6+ Kc8 47. Qc6+ Kb8 48. Qb5+ Kc8 49. Qa6+ Kb8 50. Qb6+ 1/2-1/2

[Event "45th Olympiad Budapest 2024"]
[Site "Budapest"]
[Date "2024.09.20"]
[Round "9.1"]
[White "Giron, Jorge Ernesto"]
[Black "Gascon Del Nogal, Jose Rafael"]
[Result "0-1"]
[WhiteElo "2276"]
[BlackElo "2454"]
[PlyCount "60"]
[EventDate "2024.09.11"]
[EventType "team"]
[EventRounds "11"]
[EventCountry "HUN"]
[WhiteTeam "El Salvador"]
[BlackTeam "Venezuela"]
[WhiteTeamCountry "ESA"]
[BlackTeamCountry "VEN"]

1. d4 Nf6 2. c4 d6 3. Nc3 e5 4. Nf3 Nbd7 5. g3 g6 6. Bg2 Bg7 7. O-O O-O 8. e4 exd4 9. Nxd4 Re8 10. h3 Nc5 11. Re1 c6 12. Bf4 Qb6 13. Nb3 Be6 14. Bxd6 Nfd7 15. Bf1 Rad8 16. Qc2 Nxb3 $146 ({RR} 16... Be5 17. Nxc5 Bxd6 18. N3a4 Qc7 19. Nxe6 fxe6 20. c5 Bf8 21. b4 Ne5 22. Be2 Rd4 23. a3 Nf7 24. Rad1 Bg7 25. Kg2 Red8 26. Bc4 Qe5 27. f4 Qf6 28. e5 Qe7 29. h4 Nh6 30. Nb2 Nf5 31. Rxd4 {Whiteley,A (2295)-Buckley,G (2385) Sheffield 1996 1-0 (46)}) ({RR} 16... Be5 17. Nxc5 Bxd6 18. Nxe6 Rxe6 19. Rad1 Nc5 20. Kh2 Be5 21. b4 Rxd1 22. bxc5 Qa5 23. Rxd1 Bxc3 24. Rd7 Bf6 25. Bg2 Re7 26. Rd6 Be5 27. f4 Bg7 28. h4 h5 29. Qf2 Qc3 30. e5 Qxc4 31. Bf1 {Quiroga,F (2398)-Olaciregui,E Buenos Aires 2000 ½-½ (45)}) 17. axb3 Ne5 18. Bxe5 Bxe5 19. Kg2 f5 20. Red1 f4 21. Na4 Qb4 22. Rxd8 Rxd8 23. Rd1 Rf8 24. Be2 h5 25. Rd3 fxg3 26. Bf3 gxf2 27. Qxf2 Qe7 28. Qe3 Qh4 29. Be2 Bxh3+ 30. Qxh3 Qf2+ 0-1

[Event "45th Olympiad Budapest 2024"]
[Site "Budapest"]
[Date "2024.09.20"]
[Round "9.2"]
[White "Escalona Landi, Samid Eduardo"]
[Black "Arias, Daniel"]
[Result "1-0"]
[WhiteElo "2305"]
[BlackElo "2213"]
[PlyCount "63"]
[EventDate "2024.09.11"]
[EventType "team"]
[EventRounds "11"]
[EventCountry "HUN"]
[WhiteTeam "Venezuela"]
[BlackTeam "El Salvador"]
[WhiteTeamCountry "VEN"]
[BlackTeamCountry "ESA"]

1. Nf3 d5 2. g3 Nf6 3. Bg2 e6 4. O-O Be7 5. c4 O-O 6. d4 dxc4 7. Qc2 b5 8. a4 b4 9. Nfd2 Nd5 10. Nxc4 c6 ({RR} 10... c5 11. dxc5 Ba6 12. Ne3 Nd7 13. Nxd5 exd5 14. c6 Rc8 15. Bf4 Nc5 16. Rd1 d4 17. h4 h6 18. Bf3 Re8 19. Nd2 d3 20. exd3 Bxd3 21. Qc1 Bf8 22. Re1 Qf6 23. Rxe8 Rxe8 24. c7 Rc8 25. Qe1 {Firouzja,A (2804)-Nihal,S (2662) Warsaw 2021 1-0 (64)}) ({RR} 10... c5 11. e4 Nb6 12. Nxb6 axb6 13. Rd1 Nd7 14. Nd2 Ba6 15. b3 Rc8 16. d5 exd5 17. exd5 Bf6 18. Bb2 Ne5 19. Ne4 Ng4 20. Nxf6+ Nxf6 21. d6 Qd7 22. Bxf6 gxf6 23. Qd2 Rcd8 24. Qh6 Qf5 25. Rd5 {Lorenzo de la Riva,L (2415)-Adamovics,A (2163) chess.com INT 2024 0-1 (43)}) 11. Nbd2 $146 ({RR} 11. Rd1 Nd7 12. e4 N5f6 13. Bf4 Bb7 14. Nd6 Bxd6 15. Bxd6 Re8 16. Bxb4 Qb6 17. Bc3 c5 18. a5 Qc6 19. d5 exd5 20. exd5 Qd6 21. Na3 Ba6 22. Qa4 Ne5 23. Rd2 Rab8 24. Qf4 Rbd8 25. b4 Nh5 {Masango,S (2253)-Aditya,G (1791) Bhopal 2017 1-0 (40)}) ({RR} 11. Rd1 Nd7 12. e4 b3 13. Qxb3 Rb8 14. Qf3 Nb4 15. Nba3 Nf6 16. Bf4 Rb7 17. Qc3 a5 18. Nc2 Bd7 19. Nxb4 Bxb4 20. Qc2 Qa8 21. Ne5 Rc8 22. Nd3 Qa7 23. Nc5 Rb6 24. h3 Be8 25. Rac1 Nd7 {Wells,P (2431)-Taylor,A (2212) London 2016 1-0 (32)}) 11... Nd7 12. e4 N5f6 13. b3 Bb7 14. Ne3 Rc8 15. Bb2 Qc7 16. Rac1 Qb8 17. Rfd1 Rfe8 18. a5 Bf8 19. Ndc4 Qa8 20. Rd2 Nb8 21. f4 c5 22. d5 exd5 23. exd5 Nbd7 24. g4 Qb8 25. Rf2 Bd6 26. Nxd6 Qxd6 27. Nf5 Qb8 28. Qd3 g6 29. Nh6+ Kf8 30. g5 Nh5 31. f5 Nf4 32. fxg6 1-0

[Event "45th Olympiad Budapest 2024"]
[Site "Budapest"]
[Date "2024.09.20"]
[Round "9.3"]
[White "Morales, Carlos"]
[Black "Castro Torres, Jose Luis"]
[Result "0-1"]
[WhiteElo "2131"]
[BlackElo "2299"]
[PlyCount "64"]
[EventDate "2024.09.11"]
[EventType "team"]
[EventRounds "11"]
[EventCountry "HUN"]
[WhiteTeam "El Salvador"]
[BlackTeam "Venezuela"]
[WhiteTeamCountry "ESA"]
[BlackTeamCountry "VEN"]

1. e4 c5 2. Nf3 Nc6 3. d4 cxd4 4. Nxd4 e5 5. Nb5 d6 6. N1c3 a6 7. Na3 b5 8. Nd5 Nge7 9. c4 Nd4 10. cxb5 Nxd5 11. exd5 Be7 12. bxa6 O-O 13. Bc4 Bxa6 14. O-O Qb6 15. Bxa6 Qxa6 16. Re1 $146 ({RR} 16. Be3 Nf5 17. Nc2 Rab8 18. b4 Qa4 19. Qd3 Nxe3 20. fxe3 Rfc8 21. Rf2 g6 22. e4 Bf8 23. Rb1 Qxa2 24. Na3 Qxb1+ 25. Qxb1 Bh6 26. Rc2 f5 27. Nc4 Rd8 28. b5 fxe4 29. b6 Rd7 30. g3 Rf7 {Cech,D (2133)-Brozyna,M (1962) Stara Lubovna 2017 1-0 (37)}) 16... Rfb8 17. Nc2 Bf6 18. b3 Qa5 19. Nxd4 exd4 20. Bb2 Qxd5 21. Qd3 h5 22. Red1 g6 23. Rd2 Re8 24. Qf3 Rxa2 25. Rad1 Qe6 26. g3 Bg5 27. Rc2 h4 28. gxh4 Bxh4 29. Rxd4 Bf6 30. Rdd2 Bxb2 31. Re2 Ra1+ 32. Kg2 Be5 0-1